Entry Nombre personal
001 - NÚMERO DE CONTROL
- campo de control: 99928
003 - IDENTIFICADOR DE NÚMERO DE CONTROL
- campo de control: OSt
005 - FECHA Y HORA DE LA ÚLTIMA TRANSACCIÓN
- campo de control: 20230222192628.0
008 - ELEMENTOS DE DATO DE LONGITUD-FIJA
- campo de control de longitud fija: 070410 n acnnnaaan n bnn d
040 ## - FUENTE DE CATALOGACIÓN
- Centro catalogador/agencia de origen: OSt
- Centro/agencia transcriptor: OSt
100 10 - ENCABEZAMIENTO-NOMBRE DE PERSONA
- Nombre de persona: Rostow, W. W.
400 00 - TRAZADO DE VÉASE--NOMBRE DE PERSONA
- Nombre de persona: Rostow, Walt
400 00 - TRAZADO DE VÉASE--NOMBRE DE PERSONA
- Nombre de persona: Rostow, Walt W.
400 00 - TRAZADO DE VÉASE--NOMBRE DE PERSONA
- Nombre de persona: Rostow, Walt Whitman
